Hacia una evaluación de la integración regional en América Latina /
Ante las controversias desatadas por el renacimiento de la integración regional en América Latina, los autores proponen revisar a fondo tanto las orientaciones estratégicas cuanto la racionalidad de los proyectos respectivos y justipreciar los costos y los beneficios potenciales. Para ello plantean...
সংরক্ষণ করুন:
| প্রধান লেখক: | |
|---|---|
| অন্যান্য লেখক: | |
| বিন্যাস: | পাঠ্য |
| বিষয়গুলি: | |
| ট্যাগগুলো: |
ট্যাগ যুক্ত করুন
কোনো ট্যাগ নেই, প্রথমজন হিসাবে ট্যাগ করুন!
|
MARC
| LEADER | 00000 a a2200000 04500 | ||
|---|---|---|---|
| 001 | 3467 | ||
| 003 | |||
| 040 | |||
| 100 | |a Devlin, Robert | ||
| 245 | |a Hacia una evaluación de la integración regional en América Latina / |c Robert Devlin ; Ricardo Ffrench Davis | ||
| 520 | |a Ante las controversias desatadas por el renacimiento de la integración regional en América Latina, los autores proponen revisar a fondo tanto las orientaciones estratégicas cuanto la racionalidad de los proyectos respectivos y justipreciar los costos y los beneficios potenciales. Para ello plantean líneas de investigación futura, como los análisis microeconómicos y de campo sectoriales, y reivindican la importancia de políticas congruentes con las aspiraciones integracionistas. REV//jmml | ||
| 650 | |a INTEGRACION REGIONAL | ||
| 650 | |a POLITICA ECONOMICA | ||
| 650 | |a COMERCIO INTERNACIONAL | ||
| 650 | |a MODERNIZACION | ||
| 650 | |a LIBRE COMERCIO | ||
| 650 | |a DESARROLLO ECONOMICO | ||
| 650 | |a ECONOMIA | ||
| 650 | |a EXPORTACIONES | ||
| 650 | |a CRECIMIENTO ECONOMICO | ||
| 650 | |a PRODUCTO INTERNO BRUTO | ||
| 650 | |a ESTADO | ||
| 700 | |a Ffrench Davis, Ricardo | ||
| 773 | |g volumen 49, número 11; páginas 955-966 | ||
| 999 | |c 27548 |d 27548 | ||
